000 00573nam a2200181 a 4500
001 000013334
005 20240412074238.0
008 091123s1978 dr 000 0 spa d
040 _aDO-SdBNP
_bspa
_cBNPHU
082 _aRD868.44
_bC728r
100 1 _aComarazamy, Eduardo
_930529
245 1 0 _aRaro, pero cierto /
_cEduardo Comarazamy.
260 _aSanto Domingo :
_bPadilla,
_c1978.
300 _a217 p. :
_bil. ;
_c23 cm.
650 4 _aPeriodismo
_zRepública Dominicana
_xAnecdotas, chistes, satiras, etc.
_930530
650 0 _aLiteratura dominicana.
_967
049 _aBNPD
999 _c12962
_d12962